LEADER 01392nam a2200289 4500 001 000000334053 003 CaOOAMICUS 005 20210415104523.0 008 190613s2019 it o 000 u ita r 020 $a978-88-8424-482-6 040 $aSeMil$bita 100 1 $aTanduo, Paolo.$0(OLS)http://semarc/name/109686 245 10$aMilano e la Grande Guerra :$bcittà protagonista nel fronte interno politico, economico e umanitario / $cPaolo Tanduo, Luca Tanduo. 264 1$aPessano con Bornago (MI) :$bMimep-Docete,$c2019. 300 $a303 p., XXXII carte di tav. :$bill. ;$c21 cm. 541 1 $aOmaggio mons. Mario Delpini (3O II 210) 650 4$aMilano - Guerra mondiale 1914-1918.$0(OLS)http://semarc/subject/48461 650 4$aMilano - Storia - 1915-1918.$0(OLS)http://semarc/subject/26587 700 1 $aTanduo, Luca.$0(OLS)http://semarc/name/109687 850 $aSeMil 852 $aSeMil$W1$xVenegono$y1$m3O II 210$j215917$B226404$CSeMilBibl$Z2$F226404 $81 941 1 $a7 961 $aOmaggio mons. Mario Delpini 996 $6020$a978-88-8424-482-6$9(OLS)http://semarc/number/287576 996 $6245$aMilano e la Grande Guerra :$bcittà protagonista nel fronte interno politico, economico e umanitario / $9(OLS)http://semarc/title/423712 996 $6264$aPessano con Bornago (MI) :$bMimep-Docete$9(OLS)http://semarc/publisher/30068 LEADER 01231nam a2200265 i 4500 001 000000038645 003 CaOOAMICUS 005 20060124000000.0 008 060124s1989 be u000 u mul u 013 $a9243 020 $a90-6831-258-8 040 $aSeMil$bita 245 10$aCritica, Classica, Ascetica, Liturgica /$cedited by Elizabeth A. Livingstone. 300 $axiii, 358 p. 490 0 $aStudia patristica ;$v18.1 650 4$aPatristica - Atti di congressi.$0(OLS)http://semarc/subject/1239 700 1 $aLivingstone, Elizabeth Anne.$0(OLS)http://semarc/name/7854 700 1 $aInternational Conference on Patristic Studies <9. ; 1983 ; Oxford>.$0(OLS)http://semarc/name/7856 773 0 $tPapers of the 1983 Oxford Patristics Conference.$dKalamazoo : Cistercian, 1989-1990.$kStudia patristica $g1$w()17138 830 0$aStudia patristica ;$v18.1.$0(OLS)http://semarc/title/22570 850 $aSeMil 852 $aSeMil$W1$xVenegono$y1$m2UA D 18/1$j228676$B4800$CSeMilBibl$Z2$F4800 $81 961 $aSottoscrizione: Peeters 996 $6020$a90-6831-258-8$9(OLS)http://semarc/number/7993 996 $6245$aCritica, Classica, Ascetica, Liturgica$9(OLS)http://semarc/title/54634